Ustojčivosť dviženija : Metody Ľahunova i ich primenenije

Saved in:
Bibliographic Details
Main Author: Zubov, Vladimir Ivanovič (Author)
Format: Book
Language:Russian
Published: Moskva : Vysšaja škola, 1984
Edition:2.izd.
Tags: Add Tag
No Tags, Be the first to tag this record!

MARC

LEADER 00000nam a22000003a 4500
001 stu125181
005 20150617225904.2
008 060830s1984----xxr-----------------rus-d
040 |a STU  |b slo 
041 0 |a rus 
044 |a xxr 
080 |a 531.01 
080 |a 517.9  |7 A000003291 
100 1 |a Zubov, Vladimir Ivanovič  |4 aut 
245 1 |a Ustojčivosť dviženija :  |b Metody Ľahunova i ich primenenije 
250 |a 2.izd. 
260 |a Moskva :  |b Vysšaja škola,  |c 1984 
300 |a 229 s 
996 |b E56231  |c E*56231  |l EE03  |s P  |a 0  |w stu125181_0002